Remote sensing and image interpretation /

Bibliographic Details
Main Author: Lillesand, Thomas M (Author)
Corporate Author: Kiefer , Ralph W
Format: Book
Language:English
Edition:2nd. ed..
Subjects:
LEADER 00900cam a2200289 7i4500
001 0000066179
005 20160906090000.0
005 ##20160906173000.0
003 ##MY-KlINT
008 160906 000 0 eng d
020 # # |a 047185462X  
039 # 9 |a 201609061730  |b aziah  |y 201609061728  |z aziah 
040 # # |a INTAN BK 
090 0 0 |a 621.3678   |b LIL 
100 1 # |a Lillesand, Thomas M   |e author 
245 0 0 |a Remote sensing and image interpretation /   |c Thomas M. Lillesand and Ralph W. Kiefer. 
250 # # |a 2nd. ed.. 
264 # 0 |a New York  |b John Wiley & Sons  |c 1987... 
300 # # |a xiv, 699 pages:   |b illustrations;   |c 23cm. 
336 # # |a text  |2 rdacontent 
337 # # |a unmediated  |2 rdamedia 
338 # # |a volume  |2 rdacarrier 
500 # # |a Includes index 
504 # # |a Bibliography 
650 # 0 |a Remote sensing  
710 0 # |a Kiefer , Ralph W  
999 |a 0000301218  |b BOOK  |c Main Non-Fiction  |e INTAN BK